| 000 | 00856cam a2200253 a 4500 | ||
|---|---|---|---|
| 001 | 16017098 | ||
| 005 | 20250529114127.0 | ||
| 008 | 091211s2010 caua b 001 0 eng | ||
| 020 | _a9781848601925 (hbk.) | ||
| 020 | _a1848601921 (hbk.) | ||
| 020 | _a9781848601932 (pbk.) | ||
| 020 | _a184860193X (pbk.) | ||
| 050 | 0 | 0 |
_aH62 _b.T445 2010 |
| 082 | 0 | 4 |
_a300.72 _222 |
| 100 | 1 |
_aThomas, David R. _q(David Robert), _d1943- |
|
| 245 | 1 | 0 |
_aDesigning and managing your research project : _bcore skills for social and health research / _cDavid R. Thomas and Ian D. Hodges. |
| 260 |
_aLos Angeles : _bSAGE, _c2010. |
||
| 300 |
_avii, 253 p. : _bill. ; _c25 cm. |
||
| 650 | 0 |
_aSocial sciences _xResearch _xMethodology. |
|
| 650 | 0 |
_aPublic health _xResearch _xMethodology. |
|
| 650 | 0 | _aDissertations, Academic. | |
| 700 | 1 | _aHodges, Ian. | |
| 942 |
_2lcc _cBK _n0 |
||
| 999 |
_c6020 _d6020 |
||